| 000 | 00876cam a22002773a 4500 | ||
|---|---|---|---|
| 001 | 2853 | ||
| 003 | PGUSA | ||
| 005 | 20140828083022.0 | ||
| 008 | 011001s2001||||xxu|||||s|||||000 1 eng d | ||
| 040 |
_aPGUSA _beng |
||
| 042 | _adc | ||
| 050 | 4 | _aPG | |
| 100 | 1 |
_aSienkiewicz, Henryk, _d1846-1916 |
|
| 245 | 1 | 0 |
_aQuo Vadis : _bA Narrative of the Time of Nero _h[electronic resource] / _cHenryk Sienkiewicz |
| 260 |
_bProject Gutenberg, _c2001 |
||
| 506 | _aPublic domain in the USA. | ||
| 516 | _aElectronic text | ||
| 653 | _aChurch history -- Primitive and early church, ca. 30-600 -- Fiction | ||
| 653 | _aHistorical fiction | ||
| 653 | _aChristian fiction | ||
| 653 | _aRome -- History -- Nero, 54-68 -- Fiction | ||
| 700 | 1 |
_aCurtin, Jeremiah, _d1835-1906 |
|
| 830 | 0 |
_aProject Gutenberg _v2853 |
|
| 856 | 4 | 0 | _uhttp://www.gutenberg.org/ebooks/2853 |
| 942 | _cEB | ||
| 999 |
_c232185 _d232185 |
||